logo

Bir Sreshtho Munshi Abdur Rouf Library
Jhenaidah Cadet College

Hardball : (Record no. 1884)

MARC details
000 -LEADER
fixed length control field 00909nam a2200289 a 4500
001 - CONTROL NUMBER
JCCL Control Number 1884
003 - CONTROL NUMBER IDENTIFIER
JCCL marc code BD-JhCC
005 - DATE AND TIME OF LATEST TRANSACTION
control field 20171025212914.0
008 - FIXED-LENGTH DATA ELEMENTS--GENERAL INFORMATION
fixed length control field 871026s1988 nyu 001 0aeng d
020 ## - INTERNATIONAL STANDARD BOOK NUMBER
International Standard Book Number 0070355983 (pbk.) :
Terms of availability $5.95 ($7.95 Can.)
035 ## - SYSTEM CONTROL NUMBER
system control number (BD-JhCC) 1884
040 ## - CATALOGING SOURCE
Original cataloging agency DLC
Transcribing agency DLC
Modifying agency DLC
-- BD-JhCC
041 ## - LANGUAGE CODE
Language code of Book eng
050 10 - LIBRARY OF CONGRESS CALL NUMBER
Classification number GV865.K78
Item number A3 1988
082 00 - DEWEY DECIMAL CLASSIFICATION NUMBER
Classification number 796.3570924
-- B
DDC Edition number 19
Author mark and Year KUH 1988
100 1# - MAIN ENTRY--PERSONAL NAME
Personal name Kuhn, Bowie,
Dates associated with a name 1926-2007.
245 10 - TITLE STATEMENT
Title Hardball :
Remainder of title the education of a baseball commissioner /
Statement of responsibility, etc Bowie Kuhn ; editorial assistant, Martin Appel.
260 ## - PUBLICATION, DISTRIBUTION, ETC. (IMPRINT)
Place of publication, distribution, etc New York :
Name of publisher, distributor, etc McGraw-Hill,
Date of publication, distribution, etc c1988.
300 ## - PHYSICAL DESCRIPTION
Pagination x, 453 p. ;
Dimensions 19 cm.
500 ## - GENERAL NOTE
General note "McGraw-Hill paperbacks"--Cover.
500 ## - GENERAL NOTE
General note Includes index.
600 10 - SUBJECT ADDED ENTRY--PERSONAL NAME
Personal name Kuhn, Bowie,
Dates associated with a name 1926-2007.
650 #0 - SUBJECT ADDED ENTRY--TOPICAL TERM
Topical term or geographic name as entry element Baseball commissioners
Geographic subdivision United States
Form subdivision Biography.
700 1# - ADDED ENTRY--PERSONAL NAME
Personal name Appel, Martin.
942 ## - ADDED ENTRY ELEMENTS (KOHA)
Source of classification or shelving scheme Dewey Decimal Classification
Koha item type Books
Holdings
Source of classification or shelving scheme Damaged status Not for loan Home library Current library Shelving location Date of accession Cost, normal purchase price Total Checkouts Full call number Barcode Date last seen Copy number Koha item type
Dewey Decimal Classification     JCC Rouf Library JCC Rouf Library General Stacks 10/25/2017 5.95   796.3570924 KUH 1988 3378 10/25/2017 C-1 Books

JCC Library | Contacts | JCC Home

Last Update on 23 September 2017
Copyright @ 2017-2020 JCC Rouf Library
Rouf Library, Jhenidah Cadet College (JCC), Bangladesh